书目信息 |
| 题名: |
世界地名手册
|
|
| 作者: | 张祖光 主编 | |
| 分册: | ||
| 出版信息: | 合肥 安徽科学技术出版社 2002 |
|
| 页数: | 19,888页 | |
| 开本: | 21cm | |
| 丛书名: | ||
| 单 册: | ||
| 中图分类: | K-62 | |
| 科图分类: | ||
| 主题词: | 地名--世界--手册 , 地名 , 历史 , 地理 | |
| 电子资源: | ||
| ISBN: | 7-5337-2391-0 | |
| 000 | 00853nam0 2200265 450 | |
| 001 | 1255847350 | |
| 005 | 20121012153156.62 | |
| 010 | @a7-5337-2391-0@b精装@dCNY50.00 | |
| 100 | @a20020624d2002 em y0chiy0110 ea | |
| 101 | 0 | @achi@amul |
| 102 | @aCN@b340000 | |
| 105 | @ay g 000yy | |
| 200 | 1 | @a世界地名手册@Ashi jie di ming shou ce@e中外文对照@f张祖光主编 |
| 210 | @a合肥@c安徽科学技术出版社@d2002 | |
| 215 | @a19,888页@d21cm | |
| 330 | @a本书正文有约43000个地名,均为国际通行的标准地名。本书涉及几十种外文和大量自然和人文地理资讯,对其中不易理解之处,用300多条注释加以说明。 | |
| 510 | 1 | @aHandbook of World Place Names@zeng |
| 606 | 0 | @a地名@y世界@j手册 |
| 606 | 0 | @a地名 |
| 606 | 0 | @a历史 |
| 606 | 0 | @a地理 |
| 690 | @aK-62@v4 | |
| 701 | 0 | @a张祖光@Azhang zu guang@4主编 |
| 801 | 0 | @aCN@bNLC@c20101222 |
| 905 | @a10447@dK-62@eJY32 | |
| 世界地名手册:中外文对照/张祖光主编.-合肥:安徽科学技术出版社,2002 |
| 19,888页;21cm |
| ISBN 7-5337-2391-0(精装):CNY50.00 |
| 本书正文有约43000个地名,均为国际通行的标准地名。本书涉及几十种外文和大量自然和人文地理资讯,对其中不易理解之处,用300多条注释加以说明。 |
| ● |
| 相关链接 |
|
|
|
|
正题名:世界地名手册
索取号:K-62/JY32
 
预约/预借
| 序号 | 登录号 | 条形码 | 馆藏地/架位号 | 状态 | 备注 |
| 1 | 7825628 | 278256281 | 学院路分馆/ [索取号:K-62/JY32] | 在馆 | |
| 2 | 7825629 | 278256290 | 学院路分馆/ [索取号:K-62/JY32] | 在馆 | |
| 3 | 7825630 | 278256307 | 学院路分馆/ [索取号:K-62/JY32] | 在馆 | |
| 4 | 7825631 | 278256316 | 学院路分馆/ [索取号:K-62/JY32] | 在馆 |